00583 2200193 4500001002100000005001500021035002000036008004100056245005300097100002000150250000600170260003500176300001200211084001400223082000800237650001400245520011800259990001200377INLIS00000000000015420240502112059 a0010-0424000130240502 0 ind 1 a5 Cahaya ( Nasihat Abu Bakar ) /cIrja Nasrullah aNasrullah, Irja a1 aJakarta :bTinta Medina,c2016 a220 hlm a200 IRJ c a200 4aNon Fiksi aNasihat Abu Bakar yang mencakup lima cahaya yang mampu menumpas "Lima Kegelapan" penyebab penderitaan di akhirat. a0732501